Famous Austrians - Picture Quiz - Statistics

General Stats
  • This quiz has been taken 326 times
  • The average score is 8 of 15
Answer Stats
Picture Hint Answer % Correct
Composer of "The Magic Flute" Wolfgang Amadeus Mozart
95%
Artist, author, Führer Adolf Hitler
92%
Bodybuilder, Actor, Governator Arnold Schwarzenegger
88%
Psychoanalyst Sigmund Freud
87%
Queen of France Marie Antoinette
80%
Formula 1 driver Niki Lauda
74%
Artist, painter of "The Kiss" Gustav Klimt
65%
Singer, performer, Eurovision winner Conchita Wurst
64%
Actress as "Sisi" Romy Schneider
41%
Holy Roman Empress Maria Theresa
34%
Director of "Metropolis" Fritz Lang
29%
Diplomat, politician, president Kurt Waldheim
24%
Painter of this self-portrait AND a protégé of the painter of "The Kiss" Egon Schiele
23%
Composer of “Tragic Symphony” Gustav Mahler
22%
Philosopher, author of "Some Remarks on Logical Form" Ludwig Wittgenstein
14%
No matching quizzes found
Score Distribution
Percent of People with Each Score
Percentile by Number Answered
Your Score History
You have not taken this quiz